Callipædia : or, the art of getting pretty children. In four books, with cuts. Translated from the original Latin of Claudius Quilletus, by Mr. Will. Oldisworth.

Bibliographic Details
Main Author: Quillet, Claude, 1602-1661
Format: eBook
Language:English
Edition:The third edition, corrected, with additions.
Series:Eighteenth century collections online.
Online Access:Full text online

MARC

Tag First Indicator Second Indicator Subfields
LEADER 00000cam a2200000 4500
001 in00001937726
006 m | d |
007 cr |n||||||||n
008 791208s1729 enk|||| s 00||||eng d
005 20260406215615.6
035 |a (CStRLIN)ESTCT77312 
040 |a Uk-ES  |c Uk-ES  |d Cu-RivES  |d CStRLIN  |d Thomson Gale  |d UtOrBLW 
100 1 |a Quillet, Claude,  |d 1602-1661. 
240 1 0 |a Callipaedia.  |l English 
245 1 0 |a Callipædia :  |b or, the art of getting pretty children. In four books, with cuts. Translated from the original Latin of Claudius Quilletus, by Mr. Will. Oldisworth. 
250 |a The third edition, corrected, with additions. 
264 3 |a London :  |b printed for Bernard Lintot,  |c 1729. 
300 |a 18 unnumbered pages, 96, 6 unnumbered pages :  |b illustrations ;  |c 12⁰. 
336 |a text  |b txt  |2 rdacontent 
337 |a computer  |b c  |2 rdamedia 
338 |a online resource  |b cr  |2 rdacarrier 
500 |a Verse. 
500 |a With a frontispiece, and an illustration before each book, by Saml. Gribelin junior. 
500 |a Reproduction of original from the British Library. 
510 4 |a English Short Title Catalog,  |c ESTCT77312. 
533 |a Electronic reproduction.  |b Farmington Hills, Mich. :  |c Thomson Gale,  |d 2003.  |n Available via the World Wide Web.  |n Access limited by licensing agreements  |7 s2003 miunns 
500 |a Electronic resource. 
830 0 |a Eighteenth century collections online. 
856 4 0 |u http://proxy.library.tamu.edu/login?url=https://galenet.galegroup.com/servlet/ECCO?c=1&stp=Author&ste=11&af=BN&ae=T077312&tiPG=1&dd=0&dc=flc&docNum=CW113472513&vrsn=1.0&srchtp=a&d4=0.33&n=10&SU=0LRK&locID=txshracd2898  |z Full text online  |t 0 
999 |a MARS 
999 f f |s 9230eec3-a969-334f-a8bf-e12773a10cc3  |i 17b156ab-8d3b-3cfa-b86d-32cce9f20dcc  |t 0 
952 f f |a Texas A&M University  |b College Station  |c Electronic Resources  |s www_evans  |d Available Online  |t 0  |h No information provided 
998 f f |t 0  |l Available Online